Statistics for All-Time Premier League Stat Leaders- Players (#2)

Click here to take the quiz!

General Stats

  • This quiz has been taken 52 times
    (50 since last reset)
  • The average score is 5 of 12

Answer Stats

MostPlayer(s)Amount% Correct
Fastest Hat-trickSadio Mané2 mins, 56 seconds
88%
Goal Contributions Between 2 PlayersHarry Kane45
76%
Quickest GoalShane Long7.69 seconds
76%
Goal Contributions Between 2 PlayersSon Heung-min45
76%
Penalties ScoredAlan Shearer56
59%
Goals from Outside the BoxFrank Lampard41
46%
Oldest GoalscorerTeddy Sheringham40 years, 268 days
44%
Player of the Month AwardsSergio Agüero7
34%
Youngest GoalscorerJames Vaughan16 years, 270 days
17%
Clubs Scored ForCraig Bellamy7
12%
Player of the Month AwardsHarry Kane7
12%
Clubs Played ForMarcus Bent8
2%

Score Distribution

Percentile by Number Answered

Percent of People with Each Score

Your Score History

You have not taken this quiz since the last reset